000 00602nam a2200205Ii 4500
001 7003
003 CO-ViMGA
008 241108s9999||||xx |||||||||||||| ||und||
040 _aCO-ViMGA
_bspa
_erda
_cCO-ViMGA
041 0 _aunk
082 0 4 _a923.22-B689
100 1 _aVicente Pérez Silva
_952532
245 1 0 _aBolivar habla de si mismo
264 1 _a[Lugar de publicación no identificado] : Presencia, 1983
300 _avolumen
336 _atext
_btxt
_2rdacontent
337 _aunmediated
_bn
_2rdamedia
338 _avolume
_bnc
_2rdacarrier
940 _aidficha_siabuc: 6842. -- ficha_no_siabuc:7003
999 _c55520
_d55520